000 00698nam a2200289Ia 4500
005 20260324133612.0
008 008 260324s9999 xx 000 0 eng d
020 _a9780203954164
037 _aEBOOK
040 _aCRL
040 _beng
040 _cCRL
041 _2eng
041 _aeng
084 _qCRL
100 _aMarco Tavanti
_91193700
245 0 _aLas Abejas
245 0 _bPacifist Resistance and Syncretic Identities in a Globalizing Chiapas
260 _bTaylor and Francis
260 _c2003
365 _a
365 _b255
856 _uhttp://www.taylorfrancis.com/books/9780203954164
942 _cEBOOK
999 _c1792924
_d1792924